| 000 | 01045nam a2200313 c 4500 | ||
|---|---|---|---|
| 003 | BLK | ||
| 005 | 20180806112253.0 | ||
| 008 | 180408b bul|||||r ||||||| ||bul|| | ||
| 010 | _aKNG00053610000 | ||
| 020 |
_a3-464-61810-2 _bиздат.: Cornelsen |
||
| 040 | _aBLK | ||
| 041 |
_aDEU _cDEU |
||
| 080 |
_aНемски език (високонемски, стандартен писмен) _b811.112.2 _x-5(075.4) _z811.112.2-5(075.4) |
||
| 100 | 1 |
_aHeringer, Hans Jurgen _eпърви автор _912831 |
|
| 139 |
_aHeringer, Hans Jurgen _bH 57 |
||
| 245 | 1 | 0 |
_aKleine deutsche Grammatik _bSprachwissen, Stil, Rechtschreibung _cHans Jurgen Heringer. |
| 257 | _aDEU | ||
| 260 |
_аBerlin _bCornelsen _c1997 |
||
| 300 |
_a175 c _c26 cm |
||
| 380 | _a80 | ||
| 650 | 4 |
_aНемски език - граматика _9244518 |
|
| 653 | _aнемски език | ||
| 653 | _aграматика | ||
| 852 | _aЦб ІІ 9378 | ||
| 856 | 4 |
_qpdf _u |
|
| 856 | 4 |
_qpdf _u |
|
| 942 |
_cKNG _n0 _01 |
||
| 944 |
_aCR _c01.01.1999 _kТеодора_Стоянова |
||
| 944 |
_aED _c28.06.2007 _k |
||
| 999 |
_c49753 _d49753 |
||